Learning in adulthood : A comprehensive guide

محفوظ في:
التفاصيل البيبلوغرافية
المؤلف الرئيسي: Merriam, Sharan B.
التنسيق: كتاب
اللغة:Undetermined
منشور في: San Francisco, CA Jossey-Bass 2007
الموضوعات:
الوسوم: إضافة وسم
لا توجد وسوم, كن أول من يضع وسما على هذه التسجيلة!
Thư viện lưu trữ: Trung tâm Học liệu Trường Đại học Cần Thơ
LEADER 00576nam a2200205Ia 4500
001 CTU_123624
008 210402s9999 xx 000 0 und d
020 |c 831000 
082 |a 374 
082 |b M569 
100 |a Merriam, Sharan B. 
245 0 |a Learning in adulthood : 
245 2 |b A comprehensive guide 
245 0 |c Sharan B. Merriam, Rosemary M. Caffarella, Lisa M. Baumgartner 
260 |a San Francisco, CA 
260 |b Jossey-Bass 
260 |c 2007 
650 |a Adult learning 
904 |i Minh 
980 |a Trung tâm Học liệu Trường Đại học Cần Thơ